| 000 | 00411nam a2200145Ia 4500 | ||
|---|---|---|---|
| 003 | GCL | ||
| 008 | 140319s9999 xx 000 0 ara d | ||
| 040 |
_aGCL / _cGCL |
||
| 082 | 0 | 4 |
_aد _b050 _bم ع |
| 100 | 1 | _aمؤسسة ايدج | |
| 245 | 1 | 0 |
_aعالم الكمبيوتر / _cمؤسسة ايدج |
| 260 |
_a[S.N] : _bمؤسسة ايدج ، _c1995 |
||
| 300 | _a73 | ||
| 490 |
_aالرسائل النادرة _v0 |
||
| 999 |
_c26975 _d26975 |
||